| 000 | 00641nam a2200205Ii 4500 | ||
|---|---|---|---|
| 003 | JO-AjNU | ||
| 008 | 230605s9999||||xx |||||||||||||| ||und|| | ||
| 040 |
_aJO-AjNU _bara _erda _cJO-AjNU |
||
| 041 | _aara | ||
| 050 | 1 | 4 | _aDT96 |
| 100 | 3 |
_aاشراف رضا، علي واخرون, _eauthor _934541 |
|
| 245 | 0 | 0 | _aالظاهر بيبرس |
| 264 | 3 | 1 | _aبيروت: دار الشروق العربي |
| 300 | _a104ص | ||
| 336 |
_atext _btxt _2rdacontent |
||
| 337 |
_aunmediated _bn _2rdamedia |
||
| 338 |
_avolume _bnc _2rdacarrier |
||
| 490 | 0 | _aاعلام خالدون | |
| 650 | 4 |
_aتراجم الظاهر بيبرس-تاريخ _934542 |
|
| 999 |
_aA14174 _c17742 _d17742 |
||